000 00699nam a2200265Ia 4500
003 OSt
005 20220912151546.0
006 a|||||r|||| 00| 0
007 ta
008 220909b |||||||| |||| 00| 0 eng d
024 _a36847
037 _cTextual
040 _aCSL
_beng
_cCSL
041 _aeng
082 _aE:3,T5, L5
100 _aMaccoll A Ed.
245 0 _aMass spectrometry
260 _aLondon
_bButterworths
_c1975
300 _a365p.
_ccm.
490 _aPhysical chemistry series two; 5. International review of science
650 _a Spectrometry
650 _aChemistry
942 _hE:3,T5, L5
_cTEXL
_2CC
999 _c71353
_d71353